000 00645cam a22002172 4500
001 0000008422
005 20151217145840.0
008 080411s xx 000 0 eng d
020 _a1412911467 :
_cKES 4000
040 _aKABU
_cKABU
100 1 _aFlick, Uwe.
_@0000158984
245 1 3 _aAn Introduction to qualitative research /
_cUwe Flick.
250 _a3rd ed.
260 _aLondon :
_bSAGE,
_c2006.
300 _axii, 443 p.
650 0 _aSocial sciences
_xResearch
_xMethodology.
_@0000149846
650 0 _aQualitative research.
_@0000158744
908 _a080411
950 _@1
999 _c3262
_d3262